Top Ten Most Listened Muse Songs - Statistics

General Stats
  • This quiz has been taken 55 times
  • The average score is 7 of 10
Answer Stats
Total streams Song % Correct
586,292,398 Uprising
93%
528,563,863 Supermassive Black Hole
87%
260,747,485 Hysteria
84%
221,180,176 Knights of Cydonia
76%
385,458,868 Starlight
76%
210,538,721 Time is Running Out
76%
293,388,287 Madness
73%
154,009,100 Plug in Baby
67%
233,631,155 Psycho
62%
176,852,284 Undisclosed Desires
38%
No matching quizzes found
Score Distribution
Percent of People with Each Score
Percentile by Number Answered
Your Score History
You have not taken this quiz